[Event "YUG-chT (Women)"]
[Site "Niksic"]
[Date "1997.??.??"]
[Round "7"]
[White "Blagojevic, Katarina"]
[Black "Lazic, Marina"]
[Result "1-0"]
[WhiteElo "2215"]
[BlackElo "2200"]
[PlyCount "101"]
[EventDate "1997.08.27"]
[EventType "team"]
[EventRounds "11"]
[EventCountry "YUG"]
[SourceTitle "CBM 059 Extra"]
[Source "ChessBase"]
[SourceDate "1997.09.26"]
[SourceVersion "1"]
[SourceVersionDate "1997.09.26"]
[SourceQuality "1"]

1. e4 e6 2. d3 d5 3. Nd2 c5 4. Ngf3 Nc6 5. g3 Nge7 6. Bg2 g6 7. 0-0 Bg7 8. c3 0-0 9. Re1 b6 10. Qe2 a5 11. e5 Ba6 12. Nf1 Ra7 13. Bf4 b5 14. N1d2 a4 15. a3 d4 16. Ne4 dxc3 17. Nxc5 Nd5 18. bxc3 Nxc3 19. Qb2 Nd5 20. Nxa6 Nxf4 21. gxf4 Rxa6 22. Qxb5 Rb6 23. Qxa4 Qxd3 24. Red1 Qf5 25. Rac1 Ne7 26. Qa7 Rb2 27. Qxe7 Qxf4 28. Qc5 g5 29. Rc4 Qf5 30. h3 h5 31. Qd4 Rb3 32. Qe4 Rxa3 33. Qxf5 exf5 34. Nxg5 Bxe5 35. f4 Bf6 36. h4 Rb8 37. Rd2 Rg3 38. Kf2 Rg4 39. Bd5 Bxg5 40. hxg5 h4 41. Bf3 Rg3 42. Bh5 Rh3 43. Rcd4 Rb1 44. Rd8+ Kg7 45. R8d7 Rh2+ 46. Ke3 Re1+ 47. Re2 Rhxe2+ 48. Bxe2 h3 49. Rd1 Rxd1 50. Bxd1 h2 51. Bf3 1-0

[Event "YUG-ch 1/2 fin (Women)"]
[Site "Mataruska Banja"]
[Date "1997.??.??"]
[Round "11"]
[White "Lazic, Marina"]
[Black "Benderac, Ana"]
[Result "0-1"]
[WhiteElo "2220"]
[BlackElo "2145"]
[PlyCount "86"]
[EventDate "1997.??.??"]
[EventType "swiss"]
[EventRounds "11"]
[EventCountry "YUG"]
[SourceTitle "EXT 2002"]
[Source "ChessBase"]
[SourceDate "2001.11.25"]
[SourceVersion "1"]
[SourceVersionDate "2001.11.25"]
[SourceQuality "1"]

1. d4 b5 2. e3 Bb7 3. Nf3 b4 4. c4 e6 5. Be2 Nf6 6. Nbd2 Be7 7. 0-0 0-0 8. Qc2 c5 9. Rd1 Qc7 10. b3 d6 11. Bb2 Nbd7 12. a3 a5 13. Ra2 Qc6 14. Bf1 h6 15. Rda1 Ne4 16. Nxe4 Qxe4 17. Bd3 Qg4 18. h3 Qh5 19. Be2 f5 20. Ne1 Qg6 21. Bf3 Be4 22. Bxe4 fxe4 23. axb4 Bh4 24. f4 Bxe1 25. Rxe1 axb4 26. Rea1 Rxa2 27. Rxa2 cxd4 28. Bxd4 e5 29. fxe5 dxe5 30. Bb2 Qg3 31. Qd2 Kh7 32. Ra5 Rf5 33. Bc1 Nf8 34. Qe2 Ng6 35. Ra2 Nh4 36. Kh1 Nf3 37. gxf3 exf3 38. Qf1 f2 39. Bb2 Qxe3 40. Bxe5 Qe4+ 41. Kh2 Qxe5+ 42. Kh1 Qe1 43. Ra1 Qxa1 0-1

[Event "YUG-ch 1/2 fin (Women)"]
[Site "Mataruska Banja"]
[Date "1997.??.??"]
[Round "9"]
[White "Lazic, Marina"]
[Black "Jovanovic, Violeta"]
[Result "0-1"]
[WhiteElo "2220"]
[BlackElo "2135"]
[PlyCount "44"]
[EventDate "1997.??.??"]
[EventType "swiss"]
[EventRounds "11"]
[EventCountry "YUG"]
[SourceTitle "EXT 2002"]
[Source "ChessBase"]
[SourceDate "2001.11.25"]
[SourceVersion "1"]
[SourceVersionDate "2001.11.25"]
[SourceQuality "1"]

1. d4 Nf6 2. c4 g6 3. Nc3 Bg7 4. e4 d6 5. f4 0-0 6. Nf3 c5 7. d5 b5 8. cxb5 a6 9. b6 Qxb6 10. Be2 e6 11. 0-0 exd5 12. exd5 Bf5 13. Nd2 Re8 14. Nc4 Qc7 15. a4 Ne4 16. Nxe4 Rxe4 17. a5 Qe7 18. Nb6 Rxe2 19. Bd2 Bd4+ 20. Kh1 Bh3 21. Rg1 Bxg1 22. Ra4 Bd4 0-1

[Event "YUG Cup (Women)"]
[Site "Ulcinj"]
[Date "1997.??.??"]
[Round "?"]
[White "Lazic, Marina"]
[Black "Nikolic, Mila"]
[Result "1/2-1/2"]
[WhiteElo "2220"]
[BlackElo "2020"]
[PlyCount "106"]
[EventDate "1997.??.??"]
[EventType "team"]
[EventRounds "7"]
[EventCountry "YUG"]
[SourceTitle "EXT 1999"]
[Source "ChessBase"]
[SourceDate "1998.11.16"]
[SourceVersion "1"]
[SourceVersionDate "1998.11.16"]
[SourceQuality "1"]

1. d4 e6 2. c4 d5 3. Nc3 f5 4. g3 c6 5. Bg2 Nf6 6. Nh3 Be7 7. 0-0 0-0 8. Nf4 Ne4 9. f3 Nxc3 10. bxc3 g5 11. Nd3 Nd7 12. cxd5 exd5 13. e4 Nb6 14. Qe2 Re8 15. Qc2 Bf6 16. Nf2 fxe4 17. fxe4 h6 18. e5 Bg7 19. Bf3 Rf8 20. Qe2 Qe7 21. Bg4 Nc4 22. a4 b6 23. Bxc8 Raxc8 24. Ng4 Rxf1+ 25. Kxf1 Qe6 26. Kg2 Nd6 27. Ne3 Ne4 28. Bb2 Rf8 29. Rf1 Rxf1 30. Qxf1 Qf7 31. Qe2 h5 32. h3 Bh6 33. g4 hxg4 34. hxg4 Qf4 35. Qf3 Qxf3+ 36. Kxf3 Kf7 37. Ke2 Bf8 38. c4 Ke6 39. cxd5+ cxd5 40. Nd1 Ng3+ 41. Kd3 Ne4 42. Bc3 a6 43. Be1 Be7 44. Ne3 Ba3 45. Kc2 Bf8 46. Kb3 Be7 47. Nc2 Bf8 48. a5 bxa5 49. Ka4 Bg7 50. Kxa5 Bxe5 51. dxe5 Kxe5 52. Kxa6 d4 53. Nxd4 Kxd4 1/2-1/2

[Event "Nis op"]
[Site "Nis"]
[Date "1997.??.??"]
[Round "7"]
[White "Lazic, Marina"]
[Black "Stoisavljevic, Sava"]
[Result "1/2-1/2"]
[WhiteElo "2220"]
[BlackElo "2110"]
[PlyCount "82"]
[EventDate "1997.??.??"]
[EventType "swiss"]
[EventRounds "11"]
[EventCountry "YUG"]
[SourceTitle "EXT 2002"]
[Source "ChessBase"]
[SourceDate "2001.11.25"]
[SourceVersion "1"]
[SourceVersionDate "2001.11.25"]
[SourceQuality "1"]

1. d4 d5 2. Nf3 Nf6 3. Bg5 g6 4. Bxf6 exf6 5. e3 Bg7 6. Bd3 0-0 7. 0-0 c6 8. c4 Be6 9. cxd5 cxd5 10. Nc3 Nc6 11. Rc1 f5 12. Ne2 Qb6 13. Qd2 h6 14. Rc3 Rfc8 15. Rfc1 Na5 16. Rxc8+ Rxc8 17. Rxc8+ Bxc8 18. Qc3 Be6 19. b3 Nc6 20. h4 Nb4 21. Bb1 Qa6 22. Nf4 Bf8 23. a4 Qc6 24. Qd2 Kg7 25. Ne5 Qc8 26. g3 Bd6 27. Kg2 a5 28. Ned3 b6 29. Ne2 Bd7 30. Ne5 Nc6 31. f4 Bb4 32. Qd3 h5 33. Kf2 Nb8 34. Bc2 f6 35. Nxd7 Nxd7 36. Qb5 Qb7 37. Bd1 Nb8 38. Qe8 Nc6 39. Nc1 Bd2 40. Ne2 Bb4 41. Ng1 Ne7 1/2-1/2

[Event "YUG Cup (Women)"]
[Site "Ulcinj"]
[Date "1997.??.??"]
[Round "?"]
[White "Maksimovic, Suzana"]
[Black "Lazic, Marina"]
[Result "0-1"]
[WhiteElo "2290"]
[BlackElo "2220"]
[PlyCount "78"]
[EventDate "1997.??.??"]
[EventType "team"]
[EventRounds "7"]
[EventCountry "YUG"]
[SourceTitle "EXT 1999"]
[Source "ChessBase"]
[SourceDate "1998.11.16"]
[SourceVersion "1"]
[SourceVersionDate "1998.11.16"]
[SourceQuality "1"]

1. d4 Nf6 2. c4 e6 3. Nc3 Bb4 4. e3 0-0 5. Nge2 Re8 6. a3 Bf8 7. g3 d5 8. Bg2 c6 9. b3 Nbd7 10. 0-0 dxc4 11. bxc4 e5 12. c5 Qc7 13. Qc2 Nb8 14. h3 Be6 15. Rb1 Re7 16. Rd1 Na6 17. a4 Rd8 18. Ba3 exd4 19. Nxd4 Bc8 20. Nf5 Bxf5 21. Qxf5 Red7 22. Rdc1 Qa5 23. g4 Bxc5 24. g5 g6 25. Qe5 Re8 26. Qxf6 Bxa3 27. Ne4 Rxe4 28. Bxe4 Bxc1 29. Rxc1 Nc5 30. Qe5 Nb3 31. Qe8+ Kg7 32. Qxd7 Qxg5+ 33. Kf1 Nxc1 34. Qxb7 Qe5 35. Qxc6 Nb3 36. Bg2 Nc5 37. Qd5 Qa1+ 38. Ke2 Nxa4 39. Be4 Nc3+ 0-1

[Event "YUG-chT (Women)"]
[Site "Niksic"]
[Date "1997.??.??"]
[Round "9"]
[White "Maksimovic, Suzana"]
[Black "Lazic, Marina"]
[Result "1-0"]
[WhiteElo "2300"]
[BlackElo "2200"]
[PlyCount "37"]
[EventDate "1997.08.27"]
[EventType "team"]
[EventRounds "11"]
[EventCountry "YUG"]
[SourceTitle "CBM 059 Extra"]
[Source "ChessBase"]
[SourceDate "1997.09.26"]
[SourceVersion "1"]
[SourceVersionDate "1997.09.26"]
[SourceQuality "1"]

1. d4 Nf6 2. c4 e6 3. Nc3 Bb4 4. a3 Bxc3+ 5. bxc3 c5 6. e3 Nc6 7. Bd3 b6 8. Ne2 Ba6 9. e4 e5 10. 0-0 Na5 11. dxe5 Ng4 12. f4 Bxc4 13. h3 Bxd3 14. Qxd3 Nh6 15. f5 Nb3 16. Bxh6 gxh6 17. Rad1 Rc8 18. e6 Rc7 19. exf7+ 1-0

[Event "YUG-chT (Women)"]
[Site "Niksic"]
[Date "1997.??.??"]
[Round "2"]
[White "Miloradovic, Jelena"]
[Black "Lazic, Marina"]
[Result "1-0"]
[WhiteElo "2105"]
[BlackElo "2200"]
[PlyCount "125"]
[EventDate "1997.08.27"]
[EventType "team"]
[EventRounds "11"]
[EventCountry "YUG"]
[SourceTitle "CBM 059 Extra"]
[Source "ChessBase"]
[SourceDate "1997.09.26"]
[SourceVersion "1"]
[SourceVersionDate "1997.09.26"]
[SourceQuality "1"]

1. c4 e5 2. Nc3 Nf6 3. Nf3 d6 4. d4 Nbd7 5. g3 c6 6. Qc2 g6 7. Bg2 Bg7 8. 0-0 0-0 9. b3 Qc7 10. Ba3 Rd8 11. Rad1 Bf8 12. dxe5 dxe5 13. Bxf8 Rxf8 14. Rd2 Nc5 15. Nh4 Ne6 16. e3 Ng5 17. Nf3 Bf5 18. Qb2 Nxf3+ 19. Bxf3 h5 20. h4 Rad8 21. Rfd1 Rfe8 22. Qa3 e4 23. Be2 Rxd2 24. Rxd2 Qe5 25. Nd1 a5 26. Qd6 Kg7 27. Qxe5 Rxe5 28. Nc3 Nd7 29. Na4 Kf6 30. Kf1 Ke7 31. a3 Be6 32. Nc3 f5 33. Ke1 Nb6 34. Rd4 Nd7 35. Rd2 Nb6 36. Rd4 Nd7 37. Kd1 b5 38. Kc2 c5 39. Rd1 b4 40. axb4 cxb4 41. Nb5 Nc5 42. Nd4 Bd7 43. Ra1 Nb7 44. Kb2 Rc5 45. Bd1 Nd6 46. Be2 Nc8 47. Nb5 Bxb5 48. cxb5 Rd5 49. Kc2 Rc5+ 50. Bc4 Nd6 51. Rxa5 Kd8 52. Ra8+ Kc7 53. Rg8 Nxb5 54. Rg7+ Kd8 55. Kb2 Na3 56. Rxg6 Nxc4+ 57. bxc4 Rxc4 58. Rg5 Rc5 59. Rxh5 Ke7 60. g4 Ke6 61. Rxf5 Rc8 62. Kb3 Rb8 63. h5 1-0

[Event "YUG Cup (Women)"]
[Site "Ulcinj"]
[Date "1997.??.??"]
[Round "?"]
[White "Randjelovic, Dragana"]
[Black "Lazic, Marina"]
[Result "0-1"]
[WhiteElo "2100"]
[BlackElo "2220"]
[PlyCount "76"]
[EventDate "1997.??.??"]
[EventType "team"]
[EventRounds "7"]
[EventCountry "YUG"]
[SourceTitle "EXT 1999"]
[Source "ChessBase"]
[SourceDate "1998.11.16"]
[SourceVersion "1"]
[SourceVersionDate "1998.11.16"]
[SourceQuality "1"]

1. e4 e6 2. d4 d5 3. e5 b6 4. Bb5+ c6 5. Ba4 Ba6 6. Ne2 Ne7 7. 0-0 Bb5 8. Bb3 c5 9. c3 Nbc6 10. Ba4 a6 11. Bxb5 axb5 12. Na3 b4 13. Nb5 Nf5 14. a4 Be7 15. Ng3 Nxg3 16. fxg3 0-0 17. Qg4 Kh8 18. Bd2 Qd7 19. Qh5 f6 20. exf6 Rxf6 21. Rxf6 Bxf6 22. dxc5 bxc5 23. g4 bxc3 24. bxc3 g6 25. Qh6 Ne5 26. Qf4 Bg7 27. g5 Nd3 28. Qe3 Qxb5 29. Rf1 Qa6 30. Rf7 Rf8 31. Qf3 Kg8 32. Rxf8+ Bxf8 33. a5 Bg7 34. h4 Ne5 35. Qh3 Nc4 36. Be1 Nxa5 37. h5 Qe2 38. Bg3 gxh5 0-1

[Event "Star Dorjan (Women)"]
[Site "Star Dorjan"]
[Date "1996.??.??"]
[Round "4"]
[White "Lazic, Marina"]
[Black "Bilciu, Claudia"]
[Result "1/2-1/2"]
[WhiteElo "2230"]
[BlackElo "2085"]
[PlyCount "100"]
[EventDate "1996.??.??"]
[EventType "tourn"]
[EventRounds "11"]
[EventCountry "MKD"]
[SourceTitle "EXT 1998"]
[Source "ChessBase"]
[SourceDate "1997.11.17"]
[SourceVersion "1"]
[SourceVersionDate "1997.11.17"]
[SourceQuality "1"]

1. d4 d5 2. Nf3 c6 3. c4 e6 4. e3 f5 5. Bd3 Nf6 6. 0-0 Bd6 7. b3 Qe7 8. a4 a5 9. Ba3 0-0 10. Bxd6 Qxd6 11. Nc3 Ne4 12. Rc1 Nd7 13. Qc2 b6 14. Rfd1 Bb7 15. Bf1 Rac8 16. Qb2 Qe7 17. Ne2 Rfd8 18. Nf4 Ndf6 19. cxd5 cxd5 20. Bb5 Ng4 21. Nd3 Nd6 22. Qa3 Kf8 23. Nde5 Nxb5 24. Qxe7+ Kxe7 25. axb5 Nxe5 26. Nxe5 g5 27. h3 Rxc1 28. Rxc1 Rc8 29. Nd3 Kd6 30. f4 g4 31. Kf2 gxh3 32. gxh3 Rxc1 33. Nxc1 Bc8 34. Ne2 Bd7 35. Nc3 Ke7 36. Kg3 Kf6 37. Kh4 Kg6 38. Na4 Bxb5 39. Nxb6 h6 40. Nc8 Bd7 41. Nd6 Bc6 42. Kg3 Kf6 43. Nc8 a4 44. bxa4 Bxa4 45. Kf2 Bd7 46. Nd6 Bc6 47. Nc8 Kf7 48. Kg3 Ke8 49. Na7 Bd7 50. Kh4 Kf7 1/2-1/2

[Event "Star Dorjan (Women)"]
[Site "Star Dorjan"]
[Date "1996.??.??"]
[Round "6"]
[White "Lazic, Marina"]
[Black "Duminica, Mariana"]
[Result "1-0"]
[WhiteElo "2230"]
[BlackElo "2140"]
[PlyCount "69"]
[EventDate "1996.??.??"]
[EventType "tourn"]
[EventRounds "11"]
[EventCountry "MKD"]
[SourceTitle "EXT 1998"]
[Source "ChessBase"]
[SourceDate "1997.11.17"]
[SourceVersion "1"]
[SourceVersionDate "1997.11.17"]
[SourceQuality "1"]

1. d4 Nf6 2. c4 g6 3. Nc3 Bg7 4. e4 d6 5. f4 c5 6. d5 e6 7. Nf3 exd5 8. cxd5 0-0 9. Be2 Bg4 10. 0-0 Bxf3 11. Bxf3 Re8 12. g4 h6 13. h4 Nh7 14. g5 a6 15. a4 Nd7 16. Be3 b6 17. Qe2 f5 18. gxf6 Bxf6 19. Qg2 Kh8 20. Kh1 Rg8 21. Qh2 Bxh4 22. e5 g5 23. e6 gxf4 24. Bxf4 Ne5 25. Ne4 Nxf3 26. Rxf3 Rg4 27. Nxd6 Ra7 28. Nf7+ Rxf7 29. exf7 Nf8 30. Bd6 Kh7 31. Qc2+ Rg6 32. Bxf8 Qxd5 33. Qf5 Qd4 34. Bxc5 Qxb2 35. f8N+ 1-0

[Event "Star Dorjan (Women)"]
[Site "Star Dorjan"]
[Date "1996.??.??"]
[Round "2"]
[White "Lazic, Marina"]
[Black "Genova, Ruzka"]
[Result "1/2-1/2"]
[WhiteElo "2230"]
[BlackElo "2250"]
[PlyCount "20"]
[EventDate "1996.??.??"]
[EventType "tourn"]
[EventRounds "11"]
[EventCountry "MKD"]
[SourceTitle "EXT 1998"]
[Source "ChessBase"]
[SourceDate "1997.11.17"]
[SourceVersion "1"]
[SourceVersionDate "1997.11.17"]
[SourceQuality "1"]

1. Nf3 c5 2. c4 Nf6 3. Nc3 Nc6 4. g3 g6 5. Bg2 Bg7 6. 0-0 0-0 7. Rb1 d6 8. a3 Bf5 9. d3 Qd7 10. Re1 Bh3 1/2-1/2

[Event "Star Dorjan (Women)"]
[Site "Star Dorjan"]
[Date "1996.??.??"]
[Round "10"]
[White "Lazic, Marina"]
[Black "Sakotic, Jasna"]
[Result "1-0"]
[WhiteElo "2230"]
[BlackElo "2100"]
[PlyCount "91"]
[EventDate "1996.??.??"]
[EventType "tourn"]
[EventRounds "11"]
[EventCountry "MKD"]
[SourceTitle "EXT 1998"]
[Source "ChessBase"]
[SourceDate "1997.11.17"]
[SourceVersion "1"]
[SourceVersionDate "1997.11.17"]
[SourceQuality "1"]

1. d4 Nf6 2. c4 g6 3. Nc3 Bg7 4. e4 d6 5. f4 0-0 6. Nf3 Na6 7. Be3 Ng4 8. Bg1 e5 9. fxe5 dxe5 10. d5 Qe7 11. h3 Nf6 12. Bf2 Nc5 13. Bd3 Nxd3+ 14. Qxd3 Nd7 15. Qd2 a5 16. Rd1 Qb4 17. b3 Nc5 18. 0-0 a4 19. Nb5 Qxd2 20. Nxd2 Na6 21. c5 axb3 22. axb3 Bd7 23. Nc3 f5 24. Nc4 fxe4 25. Nxe4 Bf5 26. Rfe1 Nb4 27. Re2 Rfd8 28. d6 Nc6 29. g4 Be6 30. Ng5 Bxc4 31. bxc4 Nd4 32. Bxd4 exd4 33. Ne6 cxd6 34. Nxd8 Rxd8 35. cxd6 Rxd6 36. Re7 b6 37. Rd3 Rc6 38. Ra3 Bf8 39. Ra8 Rf6 40. Rd7 Rf4 41. Kg2 g5 42. Rc8 Kh8 43. Rcd8 Kg8 44. Rxd4 Rxd4 45. Rxd4 Bc5 46. Rd7 1-0

[Event "YUG-ch2 (Women)"]
[Site "Vrnjacka Banja"]
[Date "1996.??.??"]
[Round "?"]
[White "Lazic, Marina"]
[Black "Trosic, Galina"]
[Result "0-1"]
[WhiteElo "2230"]
[BlackElo "2070"]
[PlyCount "104"]
[EventDate "1996.??.??"]
[EventType "tourn"]
[EventRounds "11"]
[EventCountry "YUG"]
[SourceTitle "EXT 1998"]
[Source "ChessBase"]
[SourceDate "1997.11.17"]
[SourceVersion "1"]
[SourceVersionDate "1997.11.17"]
[SourceQuality "1"]

1. d4 d5 2. c4 e6 3. Nc3 f5 4. Nf3 c6 5. Bf4 Nf6 6. e3 Bd6 7. Bxd6 Qxd6 8. Qc2 Ne4 9. Bd3 b6 10. cxd5 exd5 11. g4 0-0 12. gxf5 Bxf5 13. Nxe4 Bxe4 14. Bxe4 dxe4 15. Nd2 Nd7 16. Nxe4 Qd5 17. Rg1 Rae8 18. Ng5 Rf5 19. Qb3 Qxb3 20. axb3 a5 21. Rc1 h6 22. Nh3 c5 23. dxc5 Nxc5 24. Rc3 b5 25. Nf4 b4 26. Rc4 Nxb3 27. Nd3 Rd5 28. Nf4 Rc5 29. Rxc5 Nxc5 30. Rg6 Rc8 31. Rd6 b3 32. Ke2 a4 33. Rb6 Ne4 34. Nd3 Rc2+ 35. Kf3 Nxf2 36. Nxf2 Rxb2 37. Nd3 Rb1 38. Ra6 b2 39. Ke4 a3 40. Nxb2 axb2 41. Rb6 Kf7 42. h4 g5 43. hxg5 hxg5 44. Ke5 g4 45. Rf6+ Kg7 46. Rf2 g3 47. Rg2 Kh6 48. Rd2 Kg5 49. Ke4 Kg4 50. Kd3 Kf3 51. Kc2 Rf1 52. Kxb2 Rf2 0-1

[Event "YUG-chT (Women)"]
[Site "Novi Sad"]
[Date "1996.??.??"]
[Round "?"]
[White "Petrovic, Marija"]
[Black "Lazic, Marina"]
[Result "1-0"]
[WhiteElo "2260"]
[BlackElo "2230"]
[PlyCount "153"]
[EventDate "1996.??.??"]
[EventType "team"]
[EventRounds "7"]
[EventCountry "YUG"]
[SourceTitle "EXT 1999"]
[Source "ChessBase"]
[SourceDate "1998.11.16"]
[SourceVersion "1"]
[SourceVersionDate "1998.11.16"]
[SourceQuality "1"]

1. d4 e6 2. Nf3 b6 3. Bf4 Bb7 4. e3 Nf6 5. Nbd2 d6 6. c3 Nbd7 7. h3 Be7 8. Qc2 c5 9. dxc5 Nxc5 10. Bb5+ Ncd7 11. Nc4 e5 12. Bg5 Qc7 13. Qa4 h6 14. Bxf6 gxf6 15. 0-0-0 d5 16. e4 0-0 17. exd5 Nc5 18. Qc2 a6 19. Bc6 Bxc6 20. dxc6 Qxc6 21. Nh4 e4 22. Nf5 Qe6 23. Nxe7+ Qxe7 24. Qe2 Qe6 25. Kb1 Nd3 26. Ne3 Kh7 27. Qh5 Rg8 28. Nf5 Rg6 29. Nd4 Qe5 30. Qe2 Rxg2 31. Rdf1 Qf4 32. Qh5 Rg6 33. Qd5 Ra7 34. f3 Qd2 35. Nc2 Kg7 36. Rd1 Qe2 37. fxe4 Nf2 38. Rde1 Qf3 39. Rhg1 Nxh3 40. Nd4 Qd3+ 41. Ka1 Nf2 42. e5 fxe5 43. Qxe5+ Kh7 44. Rgf1 Ng4 45. Qd5 Nf6 46. Qh1 Rc7 47. Rf3 Qd2 48. Rd1 Qg5 49. Rdf1 Qh5 50. Rh3 Qd5 51. Qh2 Rd7 52. a3 Ng4 53. Qe2 b5 54. Rhf3 Ne5 55. Rf5 Re7 56. Re1 f6 57. Qf1 Qc4 58. Qh1 Qc7 59. Rff1 Qb7 60. Qh3 Qg2 61. Qf5 Qg5 62. Qb1 Rf7 63. Rg1 Ng4 64. Nf3 Qf4 65. Nh4 f5 66. Nxg6 Kxg6 67. Rxg4+ Qxg4 68. Rg1 h5 69. Qe1 Kg5 70. Qd2+ f4 71. Qd5+ Rf5 72. Qg8+ Kh4 73. Qd8+ Rg5 74. Rh1+ Kg3 75. Qd3+ f3 76. Qd6+ Kf2 77. Qd2+ 1-0

[Event "YUG-chT (Women)"]
[Site "Tivat"]
[Date "1995.??.??"]
[Round "1"]
[White "Batkovic, Ruzica"]
[Black "Lazic, Marina"]
[Result "0-1"]
[WhiteElo "2030"]
[BlackElo "2180"]
[PlyCount "80"]
[EventDate "1995.??.??"]
[EventType "team"]
[EventRounds "11"]
[EventCountry "YUG"]
[SourceTitle "EXT 1997"]
[Source "ChessBase"]
[SourceDate "1996.11.15"]
[SourceVersion "1"]
[SourceVersionDate "1996.11.15"]
[SourceQuality "1"]

1. e4 c6 2. d4 d5 3. Nd2 dxe4 4. Nxe4 Nd7 5. Bc4 Ngf6 6. Ng5 e6 7. Qe2 Nb6 8. Bd3 h6 9. N5f3 c5 10. dxc5 Bxc5 11. Ne5 Nbd7 12. Ngf3 Qc7 13. 0-0 Bd6 14. Nc4 Be7 15. Nd4 a6 16. Re1 Nc5 17. Bd2 Nxd3 18. Qxd3 Ng4 19. g3 b5 20. Qf3 Bb7 21. Qxg4 Qxc4 22. Qxg7 0-0-0 23. c3 Qd5 24. f3 Bc5 25. Re4 Qh5 26. Rf4 Rhg8 27. Qf6 Rd5 28. Qh4 Qxh4 29. Rxh4 e5 30. Rxh6 exd4 31. Kg2 dxc3 32. Bxc3 b4 33. Be1 Rf5 34. Rc1 Bxf3+ 35. Kh3 Kb7 36. Rh4 Be7 37. Rh7 Rg7 38. Rh8 Rgg5 39. Rc4 Rh5+ 40. Rxh5 Rxh5+ 0-1

[Event "YUG-chT (Women)"]
[Site "Tivat"]
[Date "1995.??.??"]
[Round "6"]
[White "Lazic, Marina"]
[Black "Petronic, Sanja"]
[Result "1-0"]
[WhiteElo "2180"]
[BlackElo "2110"]
[PlyCount "91"]
[EventDate "1995.??.??"]
[EventType "team"]
[EventRounds "11"]
[EventCountry "YUG"]
[SourceTitle "EXT 1997"]
[Source "ChessBase"]
[SourceDate "1996.11.15"]
[SourceVersion "1"]
[SourceVersionDate "1996.11.15"]
[SourceQuality "1"]

1. d4 Nf6 2. Nf3 g6 3. Bg5 Bg7 4. Nbd2 0-0 5. e3 d6 6. Be2 Nbd7 7. 0-0 Qe8 8. c3 e5 9. b4 h6 10. Bh4 g5 11. Bg3 Nh5 12. Ne1 Nxg3 13. hxg3 Nf6 14. Rc1 Bf5 15. Nb3 Nd7 16. Na5 Rb8 17. b5 Bg6 18. Nd3 f5 19. Nb4 Nf6 20. dxe5 Qxe5 21. Qd4 Ne4 22. Qxe5 Bxe5 23. Nd5 Bf7 24. Ne7+ Kh7 25. Bd3 Be6 26. g4 d5 27. gxf5 Bf7 28. Ng6 Bxg6 29. fxg6+ Kg7 30. Bxe4 dxe4 31. Rfd1 Kxg6 32. Rd5 Bg7 33. Rd7 Rf5 34. a4 a6 35. c4 axb5 36. cxb5 Ra8 37. Nxb7 Rxa4 38. g4 Rxb5 39. Rcxc7 Rb1+ 40. Kg2 Bf6 41. Rc8 h5 42. Rg8+ Kh6 43. Nd6 Ra5 44. Nf5+ Rxf5 45. gxf5 h4 46. Rg6+ 1-0

[Event "YUG-ch (Women)"]
[Site "Smederevo"]
[Date "1994.04.26"]
[Round "8"]
[White "Lazic, Marina"]
[Black "Petrovic, Marija"]
[Result "0-1"]
[WhiteElo "2135"]
[BlackElo "2230"]
[PlyCount "108"]
[EventDate "1994.04.18"]
[EventType "swiss"]
[EventRounds "10"]
[EventCountry "YUG"]
[SourceTitle "EXT 2018"]
[Source "ChessBase"]
[SourceDate "2017.10.13"]
[SourceVersion "1"]
[SourceVersionDate "2017.10.13"]
[SourceQuality "1"]

1. c4 g6 2. Nc3 Bg7 3. d4 d6 4. e4 Nc6 5. Be3 e5 6. d5 Nce7 7. f3 f5 8. c5 Nf6 9. Rc1 0-0 10. Be2 h6 11. g4 fxg4 12. fxg4 c6 13. cxd6 Qxd6 14. dxc6 Qxd1+ 15. Rxd1 Nxc6 16. Bc4+ Kh8 17. Bc5 Bxg4 18. Bxf8 Bxf8 19. h3 Bxd1 20. Kxd1 Rd8+ 21. Kc1 Nd4 22. Kb1 Bb4 23. Bd3 Kg7 24. Rh2 Bxc3 25. bxc3 Nf3 26. Nxf3 Rxd3 27. Nxe5 Rxc3 28. Rb2 b6 29. Rg2 g5 30. h4 Rc5 31. Nd3 Rb5+ 32. Kc2 Nxe4 33. hxg5 Nxg5 34. Re2 Ra5 35. Kb3 Kf6 36. Rh2 Nf7 37. Nb4 h5 38. Nc6 Rb5+ 39. Ka4 Rc5 40. Nb8 Ke6 41. Kb3 Nh6 42. a4 Ng4 43. Rh1 Nf6 44. Na6 Re5 45. Nc7+ Kf5 46. Nb5 Re7 47. Rf1+ Kg5 48. Nc3 Re5 49. Kc4 h4 50. Kd4 Ra5 51. Rg1+ Kh5 52. Rf1 Ng4 53. Rf8 h3 54. Rh8+ Nh6 0-1

[Event "YUG-ch (Women)"]
[Site "Smederevo"]
[Date "1994.04.19"]
[Round "2"]
[White "Lazic, Marina"]
[Black "Maksimovic, Suzana"]
[Result "1/2-1/2"]
[WhiteElo "2135"]
[BlackElo "2305"]
[PlyCount "90"]
[EventDate "1994.04.18"]
[EventType "swiss"]
[EventRounds "10"]
[EventCountry "YUG"]
[SourceTitle "EXT 2018"]
[Source "ChessBase"]
[SourceDate "2017.10.13"]
[SourceVersion "1"]
[SourceVersionDate "2017.10.13"]
[SourceQuality "1"]

1. d4 d5 2. Nf3 c6 3. c4 e6 4. Nc3 dxc4 5. e3 b5 6. a4 Bb4 7. Ne5 Nf6 8. axb5 cxb5 9. Be2 Bb7 10. 0-0 Qb6 11. Na2 Be7 12. b3 Nbd7 13. bxc4 Nxe5 14. dxe5 Nd7 15. cxb5 Nxe5 16. Bb2 Ng6 17. Bd4 Bc5 18. Bxc5 Qxc5 19. Qa4 0-0 20. Rfc1 Qg5 21. Qg4 Qe5 22. Qg3 Qb2 23. Bf1 Bd5 24. Rcb1 Qd2 25. Nc1 Be4 26. Ra2 Qxa2 27. Nxa2 Bxb1 28. Nc3 Bc2 29. h4 Rac8 30. Ne2 Bd3 31. h5 Ne7 32. Nf4 Nf5 33. Qf3 Bxf1 34. Kxf1 Rc1+ 35. Ke2 Rd8 36. Qb7 Rcd1 37. Kf3 R1d7 38. Qa6 h6 39. g4 Nd6 40. Ne2 e5 41. b6 axb6 42. Qxb6 Nc4 43. Qb4 Rc7 44. Ng3 Nd2+ 45. Kg2 Nc4 1/2-1/2

[Event "YUG-chT2"]
[Site "Yugoslavia"]
[Date "1994.??.??"]
[Round "8"]
[White "Lazic, Marina"]
[Black "Biocanin, Gordana"]
[Result "1/2-1/2"]
[WhiteElo "2135"]
[BlackElo "2080"]
[PlyCount "68"]
[EventDate "1994.??.??"]
[EventType "team"]
[EventRounds "11"]
[EventCountry "YUG"]
[SourceTitle "EXT 1997"]
[Source "ChessBase"]
[SourceDate "1996.11.15"]
[SourceVersion "1"]
[SourceVersionDate "1996.11.15"]
[SourceQuality "1"]

1. d4 d5 2. Nf3 Nf6 3. Bg5 e6 4. e3 Nbd7 5. Nbd2 c5 6. c3 Be7 7. Bd3 h6 8. Bh4 0-0 9. 0-0 b6 10. Ne5 Nxe5 11. dxe5 Nd7 12. Bxe7 Qxe7 13. f4 Rd8 14. Qf3 Nf8 15. Qh5 a5 16. Rf2 Ba6 17. Bc2 d4 18. exd4 cxd4 19. Ne4 dxc3 20. bxc3 Bd3 21. Bxd3 Rxd3 22. f5 exf5 23. Qxf5 Qd7 24. Qh5 Ng6 25. Raf1 Rf8 26. Qxg6 fxg6 27. Rxf8+ Kh7 28. R8f7 Qc8 29. e6 Re3 30. Nf6+ Kh8 31. Nd7 Kh7 32. Nf6+ Kh8 33. Nd7 Kh7 34. Nf6+ Kh8 1/2-1/2